000 00761nam a2200277Ia 4500
003 OSt
005 20221006160511.0
006 a|||||r|||| 00| 0
007 ta
008 221006b |||||||| |||| 00| 0 eng d
020 _a9780670023257
_c
_25.95
024 _a45,334
037 _bGift, KCC (Window on Korea)
_cTextual
040 _aEASL
_cEASL
_beng
041 _2eng
_aeng
082 _aO495,3NLE, Q2
100 _aLee Krys
_9673910
245 0 _aDrifting house
260 _aNew York
_bPenguim Group U.S.A.
_c2012
300 _a210p.
_ccm.
490 _v KEL
650 _a KEL
650 _aKorea - Fiction
_9673911
942 _hO495,3NLE, Q2
_cTEXL
_2CC
999 _c1113426
_d1113426